Ciudades de México con Liverpool - Estadísticas

Estadísticas generales
  • Esta prueba ha sido intentada 18 veces
  • La puntuación promedio es 36 de 111
Estadísticas de respuestas
Cantidad de tiendas Ciudad % Correcto
24 Ciudad de México
93%
1 Tijuana
93%
8 Guadalajara
87%
6 Monterrey
87%
1 Cancún
80%
3 Querétaro
80%
3 Veracruz
80%
2 Aguascalientes
73%
2 Mazatlán
73%
2 Mérida
73%
5 Puebla
73%
3 Toluca
73%
1 La Paz
67%
2 León
67%
1 Mexicali
67%
2 Morelia
67%
2 San Luis Potosí
67%
2 Chihuahua
60%
1 Culiacán
60%
1 Puerto Vallarta
60%
3 Villahermosa
60%
1 Campeche
53%
1 Celaya
53%
1 Colima
53%
1 Durango
53%
1 Guanajuato
53%
1 Juárez
53%
2 Oaxaca
53%
1 Saltillo
53%
2 Tampico
53%
2 Tepic
53%
1 Tlaxcala
53%
2 Xalapa
53%
1 Zacatecas
53%
2 Acapulco
47%
1 Chilpancingo
47%
2 Coatzacoalcos
47%
1 Cuernavaca
47%
2 Hermosillo
47%
1 Pachuca
47%
1 Torreón
47%
1 Chetumal
40%
1 Fresnillo
40%
1 Monclova
40%
2 Tuxtla Gutiérrez
40%
1 Ciudad Obregón
33%
1 Ensenada
33%
1 Irapuato
33%
1 Manzanillo
33%
1 Matamoros
33%
1 Reynosa
33%
1 San Juan del Río
33%
1 Tepeji del Río
33%
1 Ciudad del Carmen
27%
1 Ciudad Victoria
27%
1 Córdoba
27%
1 Los Cabos
27%
1 Nogales
27%
1 Poza Rica
27%
1 Salina Cruz
27%
1 Tula
27%
1 Zamora
27%
1 Cárdenas
20%
1 Cozumel
20%
1 Cuautla
20%
1 Guasave
20%
1 Los Mochis
20%
1 Piedras Negras
20%
1 San Miguel de Allende
20%
1 Tulancingo
20%
1 Ciudad Valles
13%
1 Dolores Hidalgo
13%
1 Lázaro Cárdenas
13%
1 Minatitlán
13%
1 Salamanca
13%
1 San Cristobal de las Casas
13%
1 San Juan de los Lagos
13%
1 Tehuacán
13%
1 Tulum
13%
1 Valladolid
13%
1 Arandas
7%
1 Bahía de Banderas
7%
1 Ciudad Guzmán
7%
1 Cuauhtémoc
7%
1 Jojutla
7%
1 Lagos de Moreno
7%
1 Playa del Carmen
7%
1 Tapachula
7%
1 Tuxpan
7%
1 Zihuatanejo
7%
1 Atlacomulco
0%
1 Atlixco
0%
1 Cadereyta
0%
1 Champotón
0%
1 Coatepec
0%
1 Comitán
0%
1 Delicias
0%
1 Huatulco
0%
1 Huehuetoca
0%
1 Nacajuca
0%
1 Palenque
0%
1 Paraíso
0%
1 San Andrés Tuxtla
0%
1 San Francisco del Rincón
0%
1 Tepatitlán
0%
1 Tepeaca
0%
1 Tizayuca
0%
1 Tlajomulco
0%
1 Valle de Bravo
0%
1 Villaflores
0%
1 Zitácuaro
0%
No se encontraron pruebas coincidentes
Distribución de puntuación
Porcentaje de gente con cada puntuación
Porcentaje por número respondido
Historial de tus puntuaciones
No has intentado esta prueba.